EK SPACE (Record no. 9115)

MARC details
000 -LEADER
fixed length control field 00371nam a22001577a 4500
005 - DATE AND TIME OF LATEST TRANSACTION
control field 20260417105006.0
008 - FIXED-LENGTH DATA ELEMENTS--GENERAL INFORMATION
fixed length control field 260417b |||||||| |||| 00| 0 eng d
022 ## - INTERNATIONAL STANDARD SERIAL NUMBER
ISSN 978-93-5427-418-3
082 ## - DEWEY DECIMAL CLASSIFICATION NUMBER
Classification number 891.431
100 ## - MAIN ENTRY--AUTHOR NAME
Personal name BHUSHAN , SARIKA
245 ## - TITLE STATEMENT
Title EK SPACE
260 ## - PUBLICATION, DISTRIBUTION, ETC. (IMPRINT)
Name of publisher BLUE ROSE
Year of publication 2021
300 ## - PHYSICAL DESCRIPTION
Number of Pages 182;P
650 ## - SUBJECT ADDED ENTRY--TOPICAL TERM
Topical Term Literary/Dramatic
942 ## - ADDED ENTRY ELEMENTS (KOHA)
Koha item type Books
Holdings
Lost status Damaged status Collection code Home library Current library Shelving location Date acquired Source of acquisition Cost, normal purchase price Full call number Accession Number Koha item type
    Non-fiction JRU Library JRU Library On Display 17/04/2026 DONATION 225.00 891.431 0099/D Books